[Event "147 Stay Safe Play From Home series"]
[Site "T#646013Emanuel Laske"]
[Date "2020.05.13"]
[Round "3"]
[White "matanant"]
[Black "Haris kollari 13"]
[Result "0-1"]
[WhiteElo "1736"]
[BlackElo "1973"]
[PlyCount "162"]
[EventDate "2020.05.13"]
[EventType "swiss (blitz)"]

1. b3 {[%emt 0:00:03]} e6 {[%emt 0:00:01]} 2. Bb2 {[%emt 0:00:00]} d5 {[%emt 0:00:01]} 3. e3 {[%emt 0:00:01]} c5 {[%emt 0:00:01]} 4. f4 {[%emt 0:00:00]} Nc6 {[%emt 0:00:01]} 5. Nf3 {[%emt 0:00:01]} f5 {[%emt 0:00:01]} 6. Bb5 {[%emt 0:00:01]} Nf6 {[%emt 0:00:01]} 7. O-O {[%emt 0:00:02]} Bd7 {[%emt 0:00:01]} 8. Bxc6 {[%emt 0:00:03]} bxc6 {[%emt 0:00:01]} 9. Ne5 {[%emt 0:00:00]} Bd6 {[%emt 0:00:01]} 10. d3 {[%emt 0:00:01]} O-O {[%emt 0:00:02]} 11. Nd2 {[%emt 0:00:02]} a5 {[%emt 0:00:01]} 12. a4 {[%emt 0:00:02]} Rb8 {[%emt 0:00:01]} 13. Qe2 {[%emt 0:00:04]} Be8 {[%emt 0:00:03]} 14. Rab1 {[%emt 0:00:06]} Bh5 {[%emt 0:00:06]} 15. Qf2 {[%emt 0:00:06]} Qc7 {[%emt 0:00:02]} 16. h3 {[%emt 0:00:03]} Be8 {[%emt 0:00:02]} 17. Kh1 {[%emt 0:00:11]} Nd7 {[%emt 0:00:01]} 18. Ndf3 {[%emt 0:00:03]} Bh5 {[%emt 0:00:05]} 19. g4 {[%emt 0:00:04]} fxg4 {[%emt 0:00:02]} 20. hxg4 {[%emt 0:00:01]} Bxe5 {[%emt 0:00:05]} 21. Nxe5 {[%emt 0:00:02]} Be8 {[%emt 0:00:04]} 22. Rg1 {[%emt 0:00:06]} Nf6 {[%emt 0:00:14]} 23. Rg3 {[%emt 0:00:21]} Nd7 {[%emt 0:00:10]} 24. Bc3 {[%emt 0:00:11]} Nxe5 {[%emt 0:00:02]} 25. Bxe5 {[%emt 0:00:03]} Qxe5 {[%emt 0:00:01]} 26. Qh2 {[%emt 0:00:17]} Qf6 {[%emt 0:00:02]} 27. Rh3 {[%emt 0:00:09]} Bg6 {[%emt 0:00:01]} 28. Rf1 {[%emt 0:00:06]} Rbe8 {[%emt 0:00:05]} 29. f5 {[%emt 0:00:12]} exf5 {[%emt 0:00:05]} 30. gxf5 {[%emt 0:00:01]} Qxf5 {[%emt 0:00:03]} 31. Rxf5 {[%emt 0:00:03]} Rxf5 {[%emt 0:00:01]} 32. Kg2 {[%emt 0:00:11]} Ref8 {[%emt 0:00:01]} 33. Qg3 {[%emt 0:00:05]} Rf1 {[%emt 0:00:04]} 34. Rh1 {[%emt 0:00:09]} Rxh1 {[%emt 0:00:08]} 35. Kxh1 {[%emt 0:00:02]} Rf1+ {[%emt 0:00:00]} 36. Kg2 {[%emt 0:00:04]} Rc1 {[%emt 0:00:00]} 37. Qf2 {[%emt 0:00:03]} h6 {[%emt 0:00:06]} 38. Qd2 {[%emt 0:00:02]} Ra1 {[%emt 0:00:02]} 39. Qxa5 {[%emt 0:00:02]} Ra2 {[%emt 0:00:02]} 40. Qxc5 {[%emt 0:00:03]} Bxd3 {[%emt 0:00:04]} 41. Qb6 {[%emt 0:00:54]} Rxc2+ {[%emt 0:00:03]} 42. Kf3 {[%emt 0:00:01]} Be4+ {[%emt 0:00:00]} 43. Kf4 {[%emt 0:00:01]} Kh7 {[%emt 0:00:12]} 44. a5 {[%emt 0:00:02]} Ra2 {[%emt 0:00:07]} 45. b4 {[%emt 0:00:05]} Bd3 {[%emt 0:00:01]} 46. Qxc6 {[%emt 0:00:03]} Bc4 {[%emt 0:00:01]} 47. Qb6 {[%emt 0:00:12]} Rf2+ {[%emt 0:00:20]} 48. Ke5 {[%emt 0:00:03]} Rf6 {[%emt 0:00:04]} 49. Qb7 {[%emt 0:00:09]} Kg6 {[%emt 0:00:12]} 50. b5 {[%emt 0:00:01]} d4 {[%emt 0:00:03]} 51. Kxd4 {[%emt 0:00:02]} Be2 {[%emt 0:00:08]} 52. e4 {[%emt 0:00:02]} h5 {[%emt 0:00:01]} 53. a6 {[%emt 0:00:01]} h4 {[%emt 0:00:05]} 54. a7 {[%emt 0:00:01]} h3 {[%emt 0:00:05]} 55. a8=Q {[%emt 0:00:01]} h2 {[%emt 0:00:01]} 56. e5 {[%emt 0:00:02]} Rf4+ {[%emt 0:00:04]} 57. Ke3 {[%emt 0:00:02]} Bf3 {[%emt 0:00:06]} 58. Kxf4 {[%emt 0:00:02]} h1=Q {[%emt 0:00:01]} 59. Qxf3 {[%emt 0:00:00]} Qc1+ {[%emt 0:00:09]} 60. Qe3 {[%emt 0:00:01]} Qf1+ {[%emt 0:00:03]} 61. Qaf3 {[%emt 0:00:02]} Qxb5 {[%emt 0:00:01]} 62. Qg4+ {[%emt 0:00:02]} Kf7 {[%emt 0:00:01]} 63. Qf5+ {[%emt 0:00:01]} Kg8 {[%emt 0:00:01]} 64. Kg5 {[%emt 0:00:01]} Qe8 {[%emt 0:00:02]} 65. Qef4 {[%emt 0:00:00]} Qe7+ {[%emt 0:00:01]} 66. Kg4 {[%emt 0:00:00]} Qc5 {[%emt 0:00:05]} 67. e6 {[%emt 0:00:00]} Qg1+ {[%emt 0:00:02]} 68. Kf3 {[%emt 0:00:02]} Qf1+ {[%emt 0:00:01]} 69. Ke4 {[%emt 0:00:00]} Qc4+ {[%emt 0:00:01]} 70. Ke5 {[%emt 0:00:00]} Qc5+ {[%emt 0:00:01]} 71. Ke4 {[%emt 0:00:01]} Qc4+ {[%emt 0:00:01]} 72. Kf3 {[%emt 0:00:00]} Qf1+ {[%emt 0:00:01]} 73. Kg4 {[%emt 0:00:00]} Qg2+ {[%emt 0:00:02]} 74. Qg3 {[%emt 0:00:00]} Qe2+ {[%emt 0:00:01]} 75. Kg5 {[%emt 0:00:00]} Qd2+ {[%emt 0:00:01]} 76. Kg6 {[%emt 0:00:00]} Qd8 {[%emt 0:00:01]} 77. Qf6 {[%emt 0:00:00]} gxf6 {[%emt 0:00:02]} 78. Kh5+ {[%emt 0:00:00]} Kf8 {[%emt 0:00:02]} 79. Qg6 {[%emt 0:00:00]} Qe8 {[%emt 0:00:01]} 80. Kh6 {[%emt 0:00:00]} Qxg6+ {[%emt 0:00:01]} 81. Kxg6 {[%emt 0:00:00]} Ke7 {[%emt 0:00:00] Time (Lag: Av=0.69s, max=1.4s)} 0-1

[Event "147 Stay Safe Play From Home series"]
[Site "T#646013Emanuel Laske"]
[Date "2020.05.13"]
[Round "3"]
[White "Nagaram"]
[Black "Edmatuag"]
[Result "0-1"]
[WhiteElo "1347"]
[BlackElo "1674"]
[Annotator "NA"]
[PlyCount "48"]
[EventDate "2020.05.13"]
[EventType "swiss (blitz)"]

1. e4 {[%emt 0:00:01]} c5 {[%emt 0:00:03]} 2. Nf3 {[%emt 0:00:01]} d6 {[%emt 0:00:02]} 3. d4 {[%emt 0:00:01]} cxd4 {[%emt 0:00:00]} 4. Nxd4 {[%emt 0:00:01]} Nf6 {[%emt 0:00:01]} 5. Nc3 {[%emt 0:00:01]} g6 {[%emt 0:00:01]} 6. Bf4 {[%emt 0:00:02]} e5 {[%emt 0:00:06] Nagaram offers a draw} 7. Nb3 {[%emt 0:00:08]} exf4 {[%emt 0:00:10]} 8. Bc4 {[%emt 0:00:26]} Bg7 {[%emt 0:00:17]} 9. O-O {[%emt 0:00:07]} O-O {[%emt 0:00:01]} 10. g3 {[%emt 0:00:01]} Bg4 {[%emt 0:00:05]} 11. Qd2 {[%emt 0:00:04]} f3 {[%emt 0:00:02]} 12. Rfd1 {[%emt 0:00:10]} Qc8 {[%emt 0:00:14]} 13. Kf1 {[%emt 0:00:03]} Qxc4+ {[%emt 0:00:03]} 14. Qd3 {[%emt 0:00:02]} Qxd3+ {[%emt 0:00:01]} 15. Rxd3 {[%emt 0:00:00]} Nc6 {[%emt 0:00:04]} 16. Rxd6 {[%emt 0:00:03]} Rfd8 {[%emt 0:00:06]} 17. Rxd8+ {[%emt 0:00:03]} Rxd8 {[%emt 0:00:02]} 18. Ke1 {[%emt 0:00:01]} Nd4 {[%emt 0:00:04]} 19. e5 {[%emt 0:00:10]} Nxc2+ {[%emt 0:00:03]} 20. Kf1 {[%emt 0:00:04]} Bh3+ {[%emt 0:00:02]} 21. Kg1 {[%emt 0:00:01]} Ng4 {[%emt 0:00:05]} 22. Rc1 {[%emt 0:00:03]} Nd4 {[%emt 0:00:06]} 23. Rd1 {[%emt 0:00:03]} Ne2+ {[%emt 0:00:01]} 24. Nxe2 {[%emt 0:00:08]} Rxd1# {[%emt 0:00:05] (Lag: Av=0.56s, max=0.7s)} 0-1

[Event "147 Stay Safe Play From Home series"]
[Site "T#646013Emanuel Laske"]
[Date "2020.05.13"]
[Round "4"]
[White "Little champs"]
[Black "Weltszmerc"]
[Result "0-1"]
[WhiteElo "2206"]
[BlackElo "2031"]
[Annotator "TA"]
[PlyCount "100"]
[EventDate "2020.05.13"]
[EventType "swiss (blitz)"]

{[%evp 9,100,-40,-30,-47,-18,-16,-16,-20,-18,-33,-32,-28,-28,-49,-25,-22,-27,-70,-41,-58,-71,-66,-63,-48,-35,-83,-25,-85,-9,-50,-12,-79,-43,-24,-17,-51,-27,-197,-33,-31,0,-191,-132,-198,-25,-165,-73,-67,-51,-91,-87,-93,-33,-170,-105,-193,-165,-208,-200,-189,-162,-210,-147,-147,-171,-182,-142,-209,-215,-218,-233,-221,-188,-178,-174,-166,-158,-170,-160,-844,-796,-29950,-29950,-6551,-6551,-29986,-29987,-29987,-29988,-29988,-29989,-29989,-29982]} 1. d4 b6 2. e4 Bb7 3. Nc3 e6 4. f3 d5 5. e5 c5 {[#]} 6. Be3 $146 {B00: Queen's Fianchetto Defence, Nimzowitsch Defence.} ({Predecessor:} 6. Nge2 Nc6 7. Be3 f6 8. exf6 Nxf6 9. dxc5 bxc5 10. Bg5 Be7 11. Nf4 Qd6 12. Qe2 Nd4 13. Nb5 Nxe2 14. Nxd6+ Bxd6 15. Bxe2 Kf7 16. Kf2 Nd7 17. Nh3 c4 18. Rad1 Rhc8 {½-½ (18) Wolf,C (1530)-Ludwig,L (1224) Willingen 2004}) 6... cxd4 7. Bxd4 Nc6 8. Bb5 {The position is equal.} Nge7 9. Nge2 a6 10. Bxc6+ $1 Nxc6 11. O-O b5 12. a3 Nxd4 13. Qxd4 Qc7 {[#] White must now prevent ...Bc5.} 14. Kh1 Bc5 $36 {[%mdl 2048] Black is in control.} 15. Qf4 O-O 16. Nd4 Rac8 17. Nb3 Be7 (17... Bb6 $17 18. Nd4 Qb8) 18. Rfe1 (18. Nd4 $1 $11 {remains equal.}) 18... Qc4 (18... Qd8 $17) 19. Qd2 (19. Nd4 {with more complications.} Bg5 20. Qxg5 Qxd4 21. Rad1 Qc5 22. Qh4) 19... Qh4 {Black wants to play ...Bg5.} (19... f6 {feels hotter.} 20. Re2 Bd8 21. exf6 Rxf6 22. Nd1 Qc7) 20. Qd4 (20. Ne2 $1 $11) 20... Qxd4 (20... Rc4 {is interesting.} 21. Qxh4 Bxh4 22. Re2 Bd8 23. Na2 Bb6) 21. Nxd4 Rc4 22. Red1 Rfc8 23. Nde2 $2 (23. Nce2 $11 {and White stays safe.}) 23... R4c7 $2 (23... f6 $19 24. exf6 Bxf6) 24. Nd4 $15 Rc4 $2 (24... h5 $15) 25. Nde2 $19 h6 (25... f6 $19 26. exf6 Bxf6) 26. h3 (26. Nd4 $17) 26... R4c7 $2 ({Better is} 26... f6 $19 27. exf6 Bxf6) 27. Rd4 (27. Nd4 $11 {and White has nothing to worry.}) 27... Bc5 (27... f6 $19 {and Black stays clearly on top.} 28. exf6 Bxf6) 28. Rd3 $17 Bc6 29. Rad1 Be8 30. Nd4 Be7 ({Black should try} 30... b4 $17 31. axb4 Bxb4) 31. Nde2 {[#]} (31. Nce2 $15) 31... Rc4 (31... f6 $1 $19 {[%cal Rf6e5]} 32. Re3 fxe5 33. Rxe5 Bf7) 32. Rd4 (32. f4 $17 {was called for.}) 32... Kf8 33. g3 a5 34. Rxc4 Rxc4 ({Don't play} 34... dxc4 35. Nd4 $15) 35. Rd4 Bc5 36. Rxc4 bxc4 {[%cal Bb5c4,Bc4d3][%mdl 4128] Endgame KBB-KNN} ({But not} 36... dxc4 37. Ne4 $17) 37. Kg2 Bc6 38. g4 (38. Kf1 $17) 38... d4 $19 39. Ne4 Bxe4 $1 40. fxe4 {KB-KN} d3 41. cxd3 cxd3 42. Nc3 Bd4 {Strongly threatening ...Bxc3.} 43. Kf3 Ke7 ({Reject} 43... Bxe5 44. Ke3 $15) 44. Na4 $2 (44. a4 $17) 44... Kd7 45. b4 axb4 46. axb4 Kc6 47. Nc5 Bxc5 {Black mates.} 48. bxc5 Kxc5 49. Ke3 Kc4 50. Kd2 Kd4 {Accuracy: White = 38%, Black = 49%.} 0-1

[Event "147 Stay Safe Play From Home series"]
[Site "T#646013Emanuel Laske"]
[Date "2020.05.13"]
[Round "4"]
[White "Lazieri3"]
[Black "matanant"]
[Result "0-1"]
[WhiteElo "2040"]
[BlackElo "1729"]
[Annotator "TA"]
[PlyCount "102"]
[EventDate "2020.05.13"]
[EventType "swiss (blitz)"]

{[%evp 9,102,61,72,-45,-15,-37,79,59,57,33,29,41,49,65,62,42,35,34,59,49,61,-3,-4,-18,-9,-20,1,7,12,-62,-58,-73,-74,-78,-41,-50,-23,-26,-13,-47,-14,-58,-53,-55,-43,-83,-2,-18,-22,-83,-89,-547,-547,-547,-541,-539,-473,-592,-607,-580,-578,-627,-619,-683,-660,-792,-779,-2049,-2049,-1947,-1549,-29980,-29981,-29978,-29979,-29987,-29988,-29988,-29989,-29992,-29993,-29993,-29994,-29997,-29998,-29999,-29998,-29999,-29997,-29997,-29998,-29998,-29998,-29998,-29999]} 1. e4 e5 2. Nf3 d5 3. Nxe5 Bd6 4. d4 dxe4 5. Bc4 Bxe5 $1 {[#]} 6. dxe5 {C40: Latvian and Elephant Gambits.} ({Only move:} 6. Qh5 $1 $16 {[%csl Gc4][%cal Rh5f7][%mdl 512]} Qe7 7. dxe5 (7. Qxe5 Qxe5 8. dxe5 Ne7 $14)) 6... Qxd1+ $15 7. Kxd1 f5 (7... Nc6 $15 {stays ahead.}) 8. exf6 {White is better.} Nxf6 9. Nc3 {[#]} Bg4+ $146 ({Predecessor:} 9... Bf5 10. Bf4 c6 11. Re1 Nbd7 12. Ke2 O-O-O 13. Nd1 Nb6 14. Bb3 Nbd5 15. Bd2 Bg4+ {1-0 (51) Seguin,H (1575)-Lecorre,J (1579) Gatineau 2014}) 10. Ke1 Nbd7 11. h3 Bh5 12. Bg5 O-O-O 13. Be2 {And now Bxh5 would win.} Bg6 14. Rd1 h6 15. Bxf6 (15. Bf4 $14) 15... Nxf6 $11 16. Bc4 c6 17. Ke2 Kc7 18. Rxd8 Rxd8 19. Rd1 (19. Ke3 $11) 19... Bh5+ $1 $15 20. f3 exf3+ 21. gxf3 Re8+ 22. Kf2 b5 23. Bd3 Rf8 24. Kg3 g5 25. a3 Nd7 26. Be4 Ne5 27. Rf1 Bg6 ({Black should play} 27... Nc4 $17 28. b3 Nxa3) 28. Bxg6 Nxg6 $11 {[%mdl 4096] Endgame KRN-KRN} 29. Re1 (29. Rf2 $11 {keeps the balance.}) 29... Nh4 $17 30. Re3 $2 {[%mdl 8192] Now White is beyond hope.} (30. Rf1 $17 {is a better chance.}) 30... Nf5+ $19 31. Kf2 Nxe3 32. Kxe3 {KR-KN} Rf4 33. Ne4 Rh4 34. Nf2 Kd6 35. b3 Ke6 36. c3 Kf5 37. Ne4 Rxh3 38. c4 g4 39. Nd6+ Ke6 40. c5 Rxf3+ {Black mates.} 41. Ke4 Rxb3 42. Ne8 g3 43. Ng7+ Kd7 44. Nh5 g2 45. Nf6+ {[#]} Ke6 $1 46. Ng4 g1=Q {[%cal Rg1g4][%mdl 64] Double Attack} 47. Nxh6 Re3+ 48. Kf4 Qf2+ 49. Kg5 Rg3+ {[%mdl 64] Discovered Attack} 50. Ng4 Qf5+ 51. Kh6 Rxg4 {Accuracy: White = 43%, Black = 76%.} 0-1

[Event "147 Stay Safe Play From Home series"]
[Site "T#646013Emanuel Laske"]
[Date "2020.05.13"]
[Round "4"]
[White "Haris kollari 13"]
[Black "Edmatuag"]
[Result "0-1"]
[WhiteElo "1980"]
[BlackElo "1679"]
[PlyCount "86"]
[EventDate "2020.05.13"]
[EventType "swiss (blitz)"]

1. e4 {[%emt 0:00:01]} c5 {[%emt 0:00:03]} 2. Nf3 {[%emt 0:00:01]} d6 {[%emt 0:00:02]} 3. d4 {[%emt 0:00:01]} cxd4 {[%emt 0:00:01]} 4. Nxd4 {[%emt 0:00:00]} Nc6 {[%emt 0:00:03]} 5. Nc3 {[%emt 0:00:01]} a6 {[%emt 0:00:03]} 6. Be3 {[%emt 0:00:01]} Bd7 {[%emt 0:00:01]} 7. f4 {[%emt 0:00:01]} Nf6 {[%emt 0:00:05]} 8. Be2 {[%emt 0:00:01]} Qc7 {[%emt 0:00:01]} 9. Bf3 {[%emt 0:00:01]} Nxd4 {[%emt 0:00:02]} 10. Bxd4 {[%emt 0:00:02]} Bc6 {[%emt 0:00:01]} 11. g4 {[%emt 0:00:06]} e5 {[%emt 0:00:05]} 12. Be3 {[%emt 0:00:02]} O-O-O {[%emt 0:00:04]} 13. f5 {[%emt 0:00:04]} d5 {[%emt 0:00:09]} 14. exd5 {[%emt 0:00:04]} Bb4 {[%emt 0:00:07]} 15. Qd2 {[%emt 0:00:26]} Bxd5 {[%emt 0:00:11]} 16. Bxd5 {[%emt 0:00:14]} Nxd5 {[%emt 0:00:01]} 17. O-O-O {[%emt 0:00:11]} Nxc3 {[%emt 0:00:03]} 18. Qf2 {[%emt 0:00:17]} Rxd1+ {[%emt 0:00:16]} 19. Rxd1 {[%emt 0:00:03]} Nxd1 {[%emt 0:00:01]} 20. Kxd1 {[%emt 0:00:01]} Rd8+ {[%emt 0:00:04]} 21. Kc1 {[%emt 0:00:01]} Qd6 {[%emt 0:00:06]} 22. Qe2 {[%emt 0:00:09]} Kb8 {[%emt 0:00:23]} 23. a3 {[%emt 0:00:03]} Bc5 {[%emt 0:00:03]} 24. Bd2 {[%emt 0:00:01]} f6 {[%emt 0:00:16]} 25. h4 {[%emt 0:00:02]} Bd4 {[%emt 0:00:04]} 26. c3 {[%emt 0:00:01]} Bb6 {[%emt 0:00:03]} 27. g5 {[%emt 0:00:01]} Qd3 {[%emt 0:00:04]} 28. Qg2 {[%emt 0:00:03]} Be3 {[%emt 0:00:04]} 29. Bxe3 {[%emt 0:00:07]} Qxe3+ {[%emt 0:00:00]} 30. Kb1 {[%emt 0:00:02]} Qd3+ {[%emt 0:00:07]} 31. Ka1 {[%emt 0:00:05]} Qd1+ {[%emt 0:00:04]} 32. Ka2 {[%emt 0:00:01]} Qd5+ {[%emt 0:00:01]} 33. Qxd5 {[%emt 0:00:01]} Rxd5 {[%emt 0:00:00]} 34. h5 {[%emt 0:00:03]} fxg5 {[%emt 0:00:02]} 35. h6 {[%emt 0:00:02]} gxh6 {[%emt 0:00:02]} 36. f6 {[%emt 0:00:01]} Rd7 {[%emt 0:00:00]} 37. Kb3 {[%emt 0:00:02]} Rf7 {[%emt 0:00:00]} 38. Kc4 {[%emt 0:00:00]} Rxf6 {[%emt 0:00:01]} 39. Kd5 {[%emt 0:00:00]} Rf8 {[%emt 0:00:02]} 40. Kxe5 {[%emt 0:00:01]} g4 {[%emt 0:00:01]} 41. Ke6 {[%emt 0:00:01]} g3 {[%emt 0:00:01]} 42. Ke7 {[%emt 0:00:00]} Rf1 {[%emt 0:00:01]} 43. Kd7 {[%emt 0:00:02]} g2 {[%emt 0:00:00] Haris kollari 13 resigns (Lag: Av=0.44s, max=0.6s)} 0-1

[Event "147 Stay Safe Play From Home series"]
[Site "T#646013Emanuel Laske"]
[Date "2020.05.13"]
[Round "4"]
[White "Greblah"]
[Black "Don59as"]
[Result "0-1"]
[WhiteElo "1887"]
[BlackElo "2030"]
[Annotator "TA"]
[PlyCount "32"]
[EventDate "2020.05.13"]
[EventType "swiss (blitz)"]

{[%evp 9,32,-5,68,0,0,-8,-8,-13,-6,-28,-33,-27,-25,-229,-227,-288,-185,-192,-148,-171,-168,-952,-948,-29998,-29999]} 1. e4 e5 2. Nf3 Nc6 3. Bb5 f5 4. Nc3 Nf6 5. d3 d6 (5... fxe4 $11 6. dxe4 Bb4) 6. Bg5 {C63: Ruy Lopez: Schliemann/Jaenisch Defence.} (6. exf5 $14 a6 7. Bxc6+ bxc6 8. Qe2) 6... Be7 $11 7. Bxf6 Bxf6 8. Nd5 {The position is equal.} O-O 9. Nxf6+ Qxf6 10. Bxc6 bxc6 {[#]} 11. Qd2 $146 {[#]} (11. Nd2 $1 $11 {and White is okay.}) ({Predecessor:} 11. O-O fxe4 12. dxe4 Bg4 13. Qd3 Bxf3 14. Qxf3 Qxf3 15. gxf3 Rxf3 16. Kg2 Rf4 17. Rae1 {0-1 (48) Horyna,J (1940)-Lasinskas,P (2234) Brno 2004}) 11... fxe4 $19 12. dxe4 Bg4 13. Ng1 Rab8 {aiming for ...Rb4!} 14. b3 {[#]} d5 $1 {[%mdl 512]} 15. exd5 $2 (15. h4) 15... e4 16. Nh3 Qxa1+ {[%mdl 64] Double Attack. White got outplayed after the opening. Accuracy: White = 33%, Black = 64%.} 0-1

[Event "147 Stay Safe Play From Home series"]
[Site "T#646013Emanuel Laske"]
[Date "2020.05.13"]
[Round "4"]
[White "Tumnik_ad"]
[Black "Nagaram"]
[Result "1-0"]
[WhiteElo "1875"]
[BlackElo "1343"]
[Annotator "NA"]
[PlyCount "33"]
[EventDate "2020.05.13"]
[EventType "swiss (blitz)"]

1. e4 {[%emt 0:00:01]} e5 {[%emt 0:00:01]} 2. d4 {[%emt 0:00:01]} exd4 {[%emt 0:00:02]} 3. c3 {[%emt 0:00:00]} dxc3 {[%emt 0:00:01]} 4. Bc4 {[%emt 0:00:01]} cxb2 {[%emt 0:00:02]} 5. Bxb2 {[%emt 0:00:00]} Nf6 {[%emt 0:00:01]} 6. e5 {[%emt 0:00:02]} Qe7 {[%emt 0:00:04]} 7. Nf3 {[%emt 0:00:09]} d6 {[%emt 0:00:01]} 8. O-O {[%emt 0:00:07]} dxe5 {[%emt 0:00:03]} 9. Nxe5 {[%emt 0:00:02]} Qd7 {[%emt 0:00:05]} 10. Nxd7 {[%emt 0:00:03]} Bxd7 {[%emt 0:00:22]} 11. Bxf6 {[%emt 0:00:02]} gxf6 {[%emt 0:00:03]} 12. Qb3 {[%emt 0:00:00]} b6 {[%emt 0:00:18]} 13. Bxf7+ {[%emt 0:00:02]} Kd8 {[%emt 0:00:02]} 14. Qf3 {[%emt 0:00:03]} Be7 {[%emt 0:00:02]} 15. Qxa8 {[%emt 0:00:02]} Bc6 {[%emt 0:00:00]} 16. Qxb8+ {[%emt 0:00:01]} Kd7 {[%emt 0:00:00]} 17. Rd1+ {[%emt 0:00:03] Nagaram resigns (Lag: Av=0.54s, max=1.7s)} 1-0

[Event "147 Stay Safe Play From Home series"]
[Site "T#646013Emanuel Laske"]
[Date "2020.05.13"]
[Round "4"]
[White "Germanicus G"]
[Black "Tunca"]
[Result "1-0"]
[WhiteElo "1663"]
[BlackElo "1713"]
[Annotator "NA"]
[PlyCount "42"]
[EventDate "2020.05.13"]
[EventType "swiss (blitz)"]

1. g3 {[%emt 0:00:02]} d6 {[%emt 0:00:43]} 2. Bg2 {[%emt 0:00:00]} e5 {[%emt 0:00:01]} 3. c4 {[%emt 0:00:02]} f5 {[%emt 0:00:01]} 4. Nc3 {[%emt 0:00:00]} Nf6 {[%emt 0:00:03]} 5. e3 {[%emt 0:00:01]} Be7 {[%emt 0:00:01]} 6. Nge2 {[%emt 0:00:01]} O-O {[%emt 0:00:04]} 7. Qb3 {[%emt 0:00:02]} Kh8 {[%emt 0:00:03]} 8. Bxb7 {[%emt 0:00:03]} Bxb7 {[%emt 0:00:02]} 9. Qxb7 {[%emt 0:00:02]} Nbd7 {[%emt 0:00:01]} 10. O-O {[%emt 0:00:07]} Nc5 {[%emt 0:00:06]} 11. Qc6 {[%emt 0:00:08]} Nd3 {[%emt 0:00:13]} 12. Nd5 {[%emt 0:00:07]} Ne4 {[%emt 0:00:08]} 13. Nxe7 {[%emt 0:00:13]} Qxe7 {[%emt 0:00:01]} 14. Qd5 {[%emt 0:00:02]} Nb4 {[%emt 0:00:29]} 15. Qa5 {[%emt 0:00:16]} c5 {[%emt 0:00:30]} 16. d4 {[%emt 0:00:08]} exd4 {[%emt 0:00:12]} 17. exd4 {[%emt 0:00:06]} Ng5 {[%emt 0:00:11]} 18. Bxg5 {[%emt 0:00:12]} Qxe2 {[%emt 0:00:07]} 19. dxc5 {[%emt 0:00:03]} Nc2 {[%emt 0:00:08]} 20. cxd6 {[%emt 0:00:14]} Nd4 {[%emt 0:00:14]} 21. Be7 {[%emt 0:00:11]} Rfe8 {[%emt 0:01:02] Tunca resigns (Lag: Av=0.30s, max=0.4s)} 1-0

[Event "147 Stay Safe Play From Home series"]
[Site "T#646013Emanuel Laske"]
[Date "2020.05.13"]
[Round "5"]
[White "Don59as"]
[Black "Weltszmerc"]
[Result "1/2-1/2"]
[WhiteElo "2040"]
[BlackElo "2056"]
[Annotator "TA"]
[PlyCount "111"]
[EventDate "2020.05.13"]
[EventType "swiss (blitz)"]

{[%evp 9,111,39,34,41,46,28,50,50,74,17,10,9,55,56,51,53,81,76,74,70,70,80,106,0,58,56,54,56,87,100,81,0,75,72,65,-89,-89,-96,-20,-27,-5,0,0,-2,0,-38,-43,-63,-118,-318,-50,-126,-114,-131,-121,-130,-122,-187,-134,-120,-83,-123,-98,-378,-369,-5202,-3512,-29977,-29978,-29978,-29979,-29982,-29983,-29983,-29984,-29985,-29986,-29986,-29987,-29987,-29988,-29988,-405,-383,-376,-438,-202,-201,-155,-179,0,0,0,0,0,0,0,0,0,0,0,0,0,0]} 1. c4 b6 2. Nc3 Bb7 3. e4 e5 4. g3 g6 5. Bg2 Bg7 6. Nge2 {A10: English Opening: Unusual Replies for Black.} Nc6 7. O-O Nd4 8. d3 {White is slightly better.} Ne7 9. Be3 ({White should play} 9. f4 $16) 9... O-O $11 10. f4 Nxe2+ 11. Qxe2 exf4 12. gxf4 f5 13. e5 Bxg2 14. Qxg2 d6 15. d4 {[#]} dxe5 $146 ({Predecessor:} 15... Qd7 16. Rad1 Rad8 17. Bf2 dxe5 18. dxe5 Qe6 19. Bh4 Rxd1 20. Rxd1 h6 21. Nd5 g5 22. fxg5 h5 23. Nf6+ Kf7 24. g6+ Nxg6 25. Rd7+ Ne7 26. Qd5 Bh6 27. Rxe7+ {1-0 (27) Lehtinen,H (2413)-Parkkinen,J (2252) Espoo 2004}) 16. fxe5 (16. dxe5 $16 Qd3 17. Nd5 Nxd5 18. Qxd5+ Qxd5 19. cxd5) 16... c5 (16... f4 $1 $11 17. Bf2 Qd7) 17. dxc5 $14 Bxe5 18. Rad1 $1 {[%cal Rd1d8]} Qc7 19. Nd5 $1 {[%cal Rd5c7]} Nxd5 20. Qxd5+ (20. cxd5 $16 {d6 is the strong threat.} bxc5 21. d6 $1 {[%mdl 512]}) 20... Kg7 (20... Kh8 $11 {keeps the balance.}) 21. cxb6 $16 axb6 22. Qd7+ $2 (22. Qe6 $1 $14 {stays ahead.} Rf7 23. Bxb6) 22... Rf7 $17 23. Qxc7 Bxc7 (23... Rxc7 $17 24. b3 Rxa2) 24. a3 $11 Re8 25. Bd4+ Kh6 26. Rf2 Re4 27. Kg2 g5 $36 {[%mdl 2048] Black has the initiative.} 28. h3 Kg6 29. Rdd2 $2 (29. b4 $17) 29... Rd7 $2 (29... Bf4 $19 30. Bxb6 Bxd2 31. Rxd2 Rxc4) 30. Bc3 (30. Bxb6 $1 $15 Bxb6 31. Rxd7 Bxf2 32. Kxf2) 30... Rxd2 $17 31. Rxd2 Rxc4 {[%mdl 4096] Endgame KRB-KRB} 32. Rd7 {[#]} h6 $1 33. Rg7+ Kh5 34. Rf7 f4 35. Rf6 Rc5 36. Kf3 $2 {[%mdl 8192]} (36. Re6 $17) 36... Be5 $19 37. Rf5 $2 (37. Bxe5 Rxe5 38. Rxb6) 37... Bxc3 38. Rxc5 bxc5 39. bxc3 {KP-KP} Kh4 40. a4 Kxh3 41. a5 g4+ 42. Kxf4 {K3P-KPP} g3 43. a6 g2 44. a7 g1=Q 45. a8=Q {KQ-KQ} Qg3+ (45... Qg5+ $142 46. Ke4 Qg2+ 47. Ke5 Qxa8 48. Kd6 h5 49. Kd7 Qa5 50. Ke6 Qxc3 51. Kd5 Qd4+ 52. Ke6 Kg4 53. Kf7 Kf5 54. Ke7 c4 55. Kf8 Qd7 56. Kg8 Kg6 57. Kh8 Qh7#) 46. Kf5 {intending Qh1+.} Qxc3 47. Kg6 Qg3+ (47... c4 $142 48. Qa6 Qd4 49. Kxh6 c3 50. Qe6+ Kg3 51. Qe1+ Kg4 52. Qe2+ Kf4 53. Qf1+ Ke5 54. Qe1+ Kf5 55. Qb1+ Ke6 56. Qa2+ Qd5) 48. Kxh6 Qf4+ 49. Kh5 c4 $2 (49... Qf5+ $19 50. Kh6 Kg3 51. Qg8+ Qg4 52. Qb3+ Kh4) 50. Qh1+ $11 {The position is equal.} Kg3 51. Qg1+ Kf3 {( -> ...Qf5+)} (51... Kh3 $5 52. Qh1+ $8 Kg3 53. Qg1+ Kh3 54. Qh1+ $11) 52. Qf1+ Ke3 53. Qc1+ Kf3 54. Qf1+ Ke3 55. Qc1+ Kf3 56. Qf1+ {Black had all chances to win. Accuracy: White = 63%, Black = 68%.} 1/2-1/2